000
00243nam a22000857a 4500
008
161129b xxu||||| |||| 00| 0 eng d
100
_9
1533
_a
kumaradas.s
245
_a
Broadway A multi Literalure Reader
260
_a
New Delhi
_b
Oxford publication
_c
2005
999
_c
4262
_d
4262